LEADER 01212cam2 22003133 450 001 SOBE00024873 005 20120426103749.0 100 $a20120426d1986 |||||ita|0103 ba 101 $aita 102 $aIT 200 0 $a2: (libri 5-8)$fOmero$gintroduzione, testo e commento a cura di J. B. Hainsworth 210 $aMilano$cFond.ne L. Valla$cMondadori$d1986 215 $aXL, 297 p.$d20 cm 225 2 $aScrittori greci e latini 300 $aCon testo orig. a fronte 410 1$1001LAEC00023055$12001 $a*Scrittori greci e latini 461 1$1001SOBE00024867$12001 $aOdissea / Omero ; introduzione generale di Alfred Heubeck e Stephanie West ; traduzione di G. Aurelio Privitera 700 0$aHomerus$3AF00007042$4070$0155559 702 1$aPrivitera, G. Aurelio$3SOBA00003710$4070 702 1$aHainsworth, J.B.$3A600200029047$4070 801 0$aIT$bUNISOB$c20120426$gRICA 850 $aUNISOB 852 $aUNISOB$j870|Coll|10|K$m47203 912 $aSOBE00024873 940 $aM 102 Monografia moderna SBN 941 $aM 957 $a870|Coll|10|K$b000014$i-2$gSI$d47203$racquisto$tN$1cutolo$2UNISOB$3UNISOB$420120426103612.0$520120426103656.0$6cutolo 996 $aOdysseia$916508 997 $aUNISOB LEADER 01425nam2 22003251i 450 001 UON00428774 005 20231205104858.358 010 $a04-04-08750-7 100 $a20130709d1921 |0itac50 ba 101 $aeng 102 $aGB 105 $a|||| 1|||| 200 1 $aˆThe ‰Ebb-tide$fRobert Louis Stevenson 210 $aNew York$aLondon$cScribner$d1921 215 $a472 p.$d18 cm. 461 1$1001UON00201091$12001 $aˆThe ‰Works of Robert Louis Stevenson$1205 $a New York : Vailima$b1921$1210 $a26 v.$a18 cm$1215 $aMancano i volumi 10, 14, 19.$v18 464 1$1001UON00428776$12001 $aHeathercat$fRobert Louis Stevenson$v 464 1$1001UON00428775$12001 $aWeir of Hermiston$fRobert Louis Stevenson$v 464 1$1001UON00428777$12001 $aˆThe ‰Young chevalier$fRobert Louis Stevenson$v 606 $aLetteratura inglese$xSec. 20.$3UONC076988$2FI 620 $aUS$dNew York$3UONL000050 620 $aGB$dLondon$3UONL003044 676 $a824.91$cLetteratura inglese. Saggi. Sec. 20.$v21 700 1$aSTEVENSON$bRobert Louis$3UONV090482$07383 801 $aIT$bSOL$c20250704$gRICA 899 $aSIBA - SISTEMA BIBLIOTECARIO DI ATENEO$2UONSI 912 $aUON00428774 950 $aSIBA - SISTEMA BIBLIOTECARIO DI ATENEO$dSI Angl V A STEV 016 $eSI SI 8510/15 5 016 $sBuono 996 $aEbb-tide$9541092 997 $aUNIOR